Words derived from other languages #1 - Statistics

General Stats
  • This quiz has been taken 39 times
  • The average score is 12 of 16
Answer Stats
Word Language % Correct
Ballet French
97%
Paparazzi Italian
97%
Acrobat Greek
90%
Sauna Finnish
87%
Shampoo Hindi
87%
Karaoke Japanese
87%
Cigar Spanish
87%
Massage Portuguese
84%
Poodle German
81%
Lemon Arabic
71%
Ketchup Chinese
68%
Cookie Dutch
68%
Kiwi Maori
65%
Victim Latin
58%
Guru Sanskrit
29%
Penguin Welsh
13%
No matching quizzes found
Score Distribution
Percent of People with Each Score
Percentile by Number Answered
Your Score History
You have not taken this quiz